Pri daniach vláda premárnila príležitosť

Podľa Slovensko-nemeckej obchodnej komory a priemyselnej komory problémom daňovej oblasti sú protichodné zmeny, vysoký podiel odvodov a dvojaký prístup k firmám.

Salvato in:
Dettagli Bibliografici
Autore principale: Makarová, Xénia
Altri autori: Glania, Guido
Natura: Capitolo di libro
Lingua:slovacco
Soggetti:
Tags: Aggiungi Tag
Nessun Tag, puoi essere il primo ad aggiungerne!!

MARC

LEADER 00000naa a2200000 4500
001 0226360
005 20170124073846.7
041 0 |a slo 
044 |a SK 
245 1 0 |a Pri daniach vláda premárnila príležitosť  |c Xénia Makarová, Guido Glania 
520 |a Podľa Slovensko-nemeckej obchodnej komory a priemyselnej komory problémom daňovej oblasti sú protichodné zmeny, vysoký podiel odvodov a dvojaký prístup k firmám. 
610 2 0 |a dane korporatívne 
610 2 0 |a podnikatelia 
610 2 0 |a odvody 
610 2 0 |a sadzby daňové 
610 2 0 |a systémy daňové 
610 2 0 |a reformy daňové 
610 2 0 |a Slovensko 
100 1 |a Makarová, Xénia 
700 1 |a Glania, Guido